000 00495nam a2200181Ia 4500
008 240925s9999 xx 000 0 und d
020 _a9788131519554
082 _a005.74 DU
100 _aDu, Hongbo
245 0 _aData Mining Techniques and Applications
250 _a1st
260 _aAustralia:
_bCENGAGE Learning
_c,2010.
300 _a330p.
_bNA
_fNA
500 _aIncludes Index
600 _aComputer Science
650 _aComputer science, information & general works
942 _cBK
999 _c13165
_d13165